Daňová optimalizácia v kontexte finančnej krízy
Daňová optimalizácia v európskych krajinách. Zmena účtovného obdobia ako možnosť daňovej optimalizácie. Global compliance & reporting - forma spracovania daňového priznania. Medzinárodná výmena dát v rámci Európskej únie.
Guardado en:
| Autor principal: | |
|---|---|
| Formato: | Capítulo de libro |
| Lenguaje: | eslovaco |
| Materias: | |
| Etiquetas: |
Sin Etiquetas, Sea el primero en etiquetar este registro!
|
MARC
| LEADER | 00000naa$a2200000$$$4500 | ||
|---|---|---|---|
| 001 | 0182811 | ||
| 005 | 20240502073127.8 | ||
| 041 | 0 | |a slo | |
| 044 | |a SK | ||
| 245 | 1 | 0 | |a Daňová optimalizácia v kontexte finančnej krízy |c Katarína Vavrová |
| 520 | |a Daňová optimalizácia v európskych krajinách. Zmena účtovného obdobia ako možnosť daňovej optimalizácie. Global compliance & reporting - forma spracovania daňového priznania. Medzinárodná výmena dát v rámci Európskej únie. | ||
| 610 | 2 | 0 | |a dane z príjmov |
| 610 | 2 | 0 | |a optimalizácia daňová |
| 610 | 2 | 0 | |a účtovanie |
| 610 | 2 | 0 | |a účtovníctvo |
| 610 | 2 | 0 | |a únik daňový |
| 610 | 2 | 0 | |a priznania daňové |
| 610 | 2 | 0 | |a Európa |
| 610 | 2 | 0 | |a Európska únia |
| 100 | 1 | |a Vavrová, Katarína, 1960- | |